Islands, Regions, Disputed Areas, and Territories Flags - Statistics

General Stats
  • This quiz has been taken 736 times
    721 since last reset
  • The average score is 87 of 214
Answer Stats
Picture Answer % Correct
Hong Kong
84%
Isle of Man
80%
Scotland
79%
Kosovo
77%
Aland Islands
75%
Taiwan
75%
Aruba
74%
Guernsey
74%
Norfolk Island
74%
Northern Cyprus
73%
Palau
72%
Wales
71%
Faroe Islands
70%
Greenland
70%
US Virgin Islands
70%
Catalonia
69%
England
69%
Marshall Islands
69%
Northern Ireland
69%
Gibraltar
68%
Niue
68%
Curacao
67%
French Guiana
67%
Macau
67%
Cook Islands
66%
Jersey
66%
Puerto Rico
66%
Christmas Island
65%
Hawaii
65%
Alaska
64%
Kurdistan
64%
Basque Country
63%
British Virgin Islands
63%
Palestine
63%
Tibet
63%
Anguilla
62%
Bonaire
62%
Corsica
62%
Falkland Islands
62%
French Polynesia
62%
Abkhazia
61%
Montserrat
61%
New Caledonia
61%
Sicily
61%
Somaliland
61%
Cocos Islands
60%
Sardinia
60%
Bermuda
59%
American Samoa
57%
Quebec
57%
Martinique
56%
Western Sahara
56%
Mayotte
55%
Turks and Caicos Islands
55%
Crimea
54%
Easter Island
54%
Guadeloupe
54%
Micronesia
54%
Antarctica
53%
Azores
53%
Flemish Region
53%
Saint Helena
53%
Sint Eustatius
53%
Saba
52%
Transnistria
52%
British Indian Ocean Territory
51%
Tokelau
51%
Zanzibar
51%
Reunion
50%
Artsakh
49%
Menorca
49%
Cayman Islands
48%
Alderney
47%
Canary Islands
47%
Pitcairn Islands
47%
Saint Barthelemy
47%
South Ossetia
47%
British Antarctic Territory
46%
Ceuta
46%
Mallorca
46%
Nevis
46%
Sint Maarten
46%
Ascension Island
45%
Madeira
45%
Northern Mariana Islands
45%
Tristan Da Cunha
45%
Barbuda
44%
Saint Pierre and Miquelon
44%
Shetland
44%
Wallonia
44%
Chechnya
43%
Bougainville
42%
Darfur
42%
Inner Mongolia
42%
Prince Edward Island
42%
South Georgia and the South Sandwich Islands
42%
Wallis and Futuna
42%
Ibiza
41%
Wake Island
41%
Hokkaido
40%
Melilla
40%
Sark
40%
Jammu and Kashmir
39%
Aceh
38%
Balearic Islands
38%
Sapmi
38%
Johnston Atoll
37%
Adjara
36%
Bali
36%
District of Columbia
36%
Orkney
36%
Sealand
36%
Puntland
35%
Jeju
34%
Karakalpakstan
34%
Navassa Island
34%
Galapagos
33%
Kaliningrad Oblast
33%
Sulawesi
33%
West Papua
33%
Lord Howe Island
32%
Alsace
31%
Ambazonia
31%
Juan Fernandez Islands
31%
Anjouan
30%
Barotseland
30%
Cabinda
30%
Campione d'Italia
30%
East Turkistan
30%
Herm
30%
Azad Kashmir
29%
Formentera
29%
Gagauzia
29%
Gran Canaria
29%
La Palma
29%
Palmyra Atoll
29%
Anda
28%
Iki
28%
Jubaland
28%
Midway Atoll
28%
Ross Dependency
28%
Srpska
28%
Tasmania
28%
Vojvodina
28%
Bangsamoro
27%
Fuerteventura
27%
Heligoland
27%
Kingman Reef
27%
Tenerife
27%
Biliran
26%
Bohol
26%
El Hierro
26%
Himeshima
26%
Principe Autonomous Region
26%
Scania
26%
Boa Vista
25%
Cagayancillo
25%
French Southern and Antarctic Lands
25%
Gangwon
25%
Rotuma
25%
Sal
25%
Val d'Aran
25%
Aogashima
24%
Basilan
24%
Goto
24%
Grande Comores
24%
Ieshima
24%
Kumejima
24%
La Gomera
24%
Natuna
24%
Abyei
23%
Batanes
23%
Brava
23%
Innoshima
23%
Swains Island
23%
Agutaya
22%
Hachijo
22%
Lanzarote
22%
Moheli
22%
Nishinoshima
22%
Oshima
22%
Almagro
21%
Galmudug
21%
Hirshabeelle
21%
Kozushima
21%
Maio
21%
Sado
21%
Banguingui
20%
Minamidaito
20%
Miyake
20%
Naoshima
20%
Ogasawara
20%
Ojika
20%
Redang Island
20%
Rodrigues
20%
Ulleung
20%
Mikurajima
19%
Niijima
19%
To-shima
19%
Jeonbuk
18%
North Caribbean Coast Autonomous Region
18%
Sejong
18%
Suo-Oshima
18%
Tarama
18%
Tsushima
18%
Hirado
17%
South Caribbean Coast Autonomous Region
17%
Autonomous Administration of North and East Syria
16%
Kitadaito
16%
Osakikamijima
15%
Sao Vicente
15%
Tonaki
14%
Shin-Kamigoto
10%
South West State of Somalia
4%
No matching quizzes found
Score Distribution
Percent of People with Each Score
Percentile by Number Answered
Your Score History
You have not taken this quiz since the last reset